Hispanoamérica del dolor

Furkejuvvon:
Bibliográfalaš dieđut
Váldodahkki: Eyzaguirre Gutiérrez, Jaime (autor)
Materiálatiipa: Girji
Giella:espánnjágiella
Almmustuhtton: Santiago Universitaria 1982
Preanttus:2a. ed
Ráidu:Cormorán. Colección imagen de América Latina, 6
Fáttát:
Fáddágilkorat: Lasit fáddágilkoriid
Eai fáddágilkorat, Lasit vuosttaš fáddágilkora!

MARC

LEADER 00000nam a2200000 a 4500
001 UCH3865
003 CL-VaPUC
008 090818e19820000CL |||||||||||||||||spa|d
082 0 4 |a 983  |b EYZ  |2 21 
100 |a Eyzaguirre Gutiérrez, Jaime  |e autor  |9 584583 
245 1 0 |a Hispanoamérica del dolor 
250 |a 2a. ed 
300 |a 95 p 
942 |c BK 
945 |d 20090818 00:00:00  |a lazolas 
260 |a Santiago  |b Universitaria  |c 1982 
650 0 |a Ensayos  |9 268724 
650 0 |a Historia  |9 255047 
650 0 |a Análisis histórico   |9 338000 
651 7 |a CHILE  |2 CL-VaPUC  |9 539284 
651 0 |a América Latina   |9 255027 
583 |a last modification  |c 20090818 00:00:00  |k Rodrigo Vera 
490 0 |a Cormorán. Colección imagen de América Latina, 6 
999 |c 335269  |d 335267